<?xml version="1.0" encoding="UTF-8"?>
<collection xmlns="http://www.loc.gov/MARC21/slim">
 <record>
  <leader>04256cam a2200889 c 4500</leader>
  <controlfield tag="001">022292764</controlfield>
  <controlfield tag="003">DE-627</controlfield>
  <controlfield tag="005">20260305101432.0</controlfield>
  <controlfield tag="007">tu</controlfield>
  <controlfield tag="008">920728s1975    gw |||||      00| ||ger c</controlfield>
  <datafield tag="010" ind1=" " ind2=" ">
   <subfield code="a">   76476427 </subfield>
  </datafield>
  <datafield tag="015" ind1=" " ind2=" ">
   <subfield code="a">76,A58,1021</subfield>
   <subfield code="2">dnb</subfield>
  </datafield>
  <datafield tag="016" ind1="7" ind2=" ">
   <subfield code="a">760427704</subfield>
   <subfield code="2">DE-101</subfield>
  </datafield>
  <datafield tag="020" ind1=" " ind2=" ">
   <subfield code="a">3791303619</subfield>
   <subfield code="q">Ln. DM 288.00</subfield>
  </datafield>
  <datafield tag="035" ind1=" " ind2=" ">
   <subfield code="a">(DE-627)022292764</subfield>
  </datafield>
  <datafield tag="035" ind1=" " ind2=" ">
   <subfield code="a">(DE-603)107461315</subfield>
  </datafield>
  <datafield tag="035" ind1=" " ind2=" ">
   <subfield code="a">(DE-576)023505923</subfield>
  </datafield>
  <datafield tag="035" ind1=" " ind2=" ">
   <subfield code="a">(DE-599)GBV022292764</subfield>
  </datafield>
  <datafield tag="035" ind1=" " ind2=" ">
   <subfield code="a">(OCoLC)2876405</subfield>
  </datafield>
  <datafield tag="035" ind1=" " ind2=" ">
   <subfield code="a">(OCoLC)602920052</subfield>
  </datafield>
  <datafield tag="035" ind1=" " ind2=" ">
   <subfield code="a">(OCoLC)185398589</subfield>
  </datafield>
  <datafield tag="035" ind1=" " ind2=" ">
   <subfield code="a">(DE-604)800948728x</subfield>
  </datafield>
  <datafield tag="040" ind1=" " ind2=" ">
   <subfield code="a">DE-627</subfield>
   <subfield code="b">ger</subfield>
   <subfield code="c">DE-627</subfield>
   <subfield code="e">rakwb</subfield>
  </datafield>
  <datafield tag="041" ind1=" " ind2=" ">
   <subfield code="a">ger</subfield>
  </datafield>
  <datafield tag="044" ind1=" " ind2=" ">
   <subfield code="c">XA-DE</subfield>
  </datafield>
  <datafield tag="050" ind1=" " ind2="0">
   <subfield code="a">ND588.R9</subfield>
  </datafield>
  <datafield tag="082" ind1="0" ind2=" ">
   <subfield code="a">759.3</subfield>
  </datafield>
  <datafield tag="082" ind1="0" ind2=" ">
   <subfield code="a">B</subfield>
  </datafield>
  <datafield tag="084" ind1=" " ind2=" ">
   <subfield code="a">KU 803 RUN</subfield>
   <subfield code="2">sfb</subfield>
  </datafield>
  <datafield tag="084" ind1=" " ind2=" ">
   <subfield code="a">26b</subfield>
   <subfield code="2">sdnb</subfield>
  </datafield>
  <datafield tag="084" ind1=" " ind2=" ">
   <subfield code="a">9,10</subfield>
   <subfield code="2">ssgn</subfield>
  </datafield>
  <datafield tag="084" ind1=" " ind2=" ">
   <subfield code="a">LI 76850</subfield>
   <subfield code="2">rvk</subfield>
   <subfield code="0">(DE-625)rvk/97001:</subfield>
  </datafield>
  <datafield tag="084" ind1=" " ind2=" ">
   <subfield code="a">20.31</subfield>
   <subfield code="2">bkl</subfield>
  </datafield>
  <datafield tag="084" ind1=" " ind2=" ">
   <subfield code="a">20.70</subfield>
   <subfield code="2">bkl</subfield>
  </datafield>
  <datafield tag="084" ind1=" " ind2=" ">
   <subfield code="a">21.02</subfield>
   <subfield code="2">bkl</subfield>
  </datafield>
  <datafield tag="100" ind1="1" ind2=" ">
   <subfield code="a">Traeger, Jörg</subfield>
   <subfield code="d">1942-2005</subfield>
   <subfield code="0">(DE-588)119041553</subfield>
   <subfield code="0">(DE-627)079831087</subfield>
   <subfield code="0">(DE-576)210818018</subfield>
   <subfield code="4">aut</subfield>
  </datafield>
  <datafield tag="245" ind1="1" ind2="0">
   <subfield code="a">Philipp Otto Runge und sein Werk</subfield>
   <subfield code="b">Monographie und kritischer Katalog</subfield>
   <subfield code="c">Jörg Traeger</subfield>
  </datafield>
  <datafield tag="264" ind1=" " ind2="1">
   <subfield code="a">München</subfield>
   <subfield code="b">Prestel</subfield>
   <subfield code="c">1975</subfield>
  </datafield>
  <datafield tag="300" ind1=" " ind2=" ">
   <subfield code="a">555 S.</subfield>
   <subfield code="b">zahlr. Ill</subfield>
   <subfield code="c">30 cm</subfield>
  </datafield>
  <datafield tag="336" ind1=" " ind2=" ">
   <subfield code="a">Text</subfield>
   <subfield code="b">txt</subfield>
   <subfield code="2">rdacontent</subfield>
  </datafield>
  <datafield tag="337" ind1=" " ind2=" ">
   <subfield code="a">ohne Hilfsmittel zu benutzen</subfield>
   <subfield code="b">n</subfield>
   <subfield code="2">rdamedia</subfield>
  </datafield>
  <datafield tag="338" ind1=" " ind2=" ">
   <subfield code="a">Band</subfield>
   <subfield code="b">nc</subfield>
   <subfield code="2">rdacarrier</subfield>
  </datafield>
  <datafield tag="361" ind1="1" ind2=" ">
   <subfield code="5">DE-Hil6</subfield>
   <subfield code="y">3550639724</subfield>
   <subfield code="s">1 E c 5406</subfield>
   <subfield code="o">Vorbesitz</subfield>
   <subfield code="a">Zahlten, Johannes</subfield>
   <subfield code="0">(DE-588)129404969</subfield>
   <subfield code="0">(DE-627)394713648</subfield>
   <subfield code="0">(DE-576)216465532</subfield>
   <subfield code="f">Signatur</subfield>
   <subfield code="z">&quot;Johannes Zahlten 76&quot;</subfield>
  </datafield>
  <datafield tag="490" ind1="1" ind2=" ">
   <subfield code="a">Jahresgabe des Deutschen Vereins für Kunstwissenschaft</subfield>
   <subfield code="v">1976/1977</subfield>
  </datafield>
  <datafield tag="490" ind1="1" ind2=" ">
   <subfield code="a">Studien zur Kunst des neunzehnten Jahrhunderts</subfield>
   <subfield code="a">Sonderband</subfield>
   <subfield code="v">1975</subfield>
  </datafield>
  <datafield tag="500" ind1=" " ind2=" ">
   <subfield code="a">Bibliogr. P. O Runge S. 512 - 540</subfield>
  </datafield>
  <datafield tag="505" ind1="8" ind2=" ">
   <subfield code="a">Bibliogr. P. O Runge S. 512 - 540</subfield>
  </datafield>
  <datafield tag="520" ind1=" " ind2=" ">
   <subfield code="a">8018</subfield>
  </datafield>
  <datafield tag="583" ind1="1" ind2=" ">
   <subfield code="a">Massenentsäuert</subfield>
   <subfield code="c">2015</subfield>
   <subfield code="2">pdager</subfield>
   <subfield code="5">DE-18</subfield>
  </datafield>
  <datafield tag="583" ind1="1" ind2=" ">
   <subfield code="a">Archivierung/Langzeitarchivierung gewährleistet</subfield>
   <subfield code="c">20211220</subfield>
   <subfield code="f">SLG</subfield>
   <subfield code="x">XA-DE-BW</subfield>
   <subfield code="z">Provenienz</subfield>
   <subfield code="2">pdager</subfield>
   <subfield code="5">DE-25</subfield>
  </datafield>
  <datafield tag="583" ind1="1" ind2=" ">
   <subfield code="a">Archivierung/Langzeitarchivierung gewährleistet</subfield>
   <subfield code="c">20211026</subfield>
   <subfield code="f">SLG</subfield>
   <subfield code="x">XA-DE-BW</subfield>
   <subfield code="z">Buchnachlass</subfield>
   <subfield code="2">pdager</subfield>
   <subfield code="5">DE-25</subfield>
  </datafield>
  <datafield tag="583" ind1="1" ind2=" ">
   <subfield code="a">Archivierung/Langzeitarchivierung gewährleistet</subfield>
   <subfield code="f">SSG</subfield>
   <subfield code="x">XA-DE-BW</subfield>
   <subfield code="2">pdager</subfield>
   <subfield code="5">DE-16</subfield>
  </datafield>
  <datafield tag="600" ind1="1" ind2="0">
   <subfield code="a">Runge, Philipp Otto</subfield>
   <subfield code="d">1777-1810</subfield>
  </datafield>
  <datafield tag="600" ind1="1" ind2="7">
   <subfield code="0">(DE-588)118604155</subfield>
   <subfield code="0">(DE-627)139303588</subfield>
   <subfield code="0">(DE-576)162821859</subfield>
   <subfield code="a">Runge, Philipp Otto</subfield>
   <subfield code="d">1777-1810</subfield>
   <subfield code="2">gnd</subfield>
  </datafield>
  <datafield tag="650" ind1=" " ind2="0">
   <subfield code="a">Painters</subfield>
   <subfield code="z">Germany</subfield>
   <subfield code="x">Biography</subfield>
  </datafield>
  <datafield tag="650" ind1="0" ind2="7">
   <subfield code="0">(DE-588)4037220-0</subfield>
   <subfield code="0">(DE-627)10623871X</subfield>
   <subfield code="0">(DE-576)209022892</subfield>
   <subfield code="a">Malerei</subfield>
   <subfield code="2">gnd</subfield>
  </datafield>
  <datafield tag="655" ind1=" " ind2="7">
   <subfield code="a">Werkverzeichnis</subfield>
   <subfield code="0">(DE-588)4189680-4</subfield>
   <subfield code="0">(DE-627)104464909</subfield>
   <subfield code="0">(DE-576)210061456</subfield>
   <subfield code="2">gnd-content</subfield>
  </datafield>
  <datafield tag="655" ind1=" " ind2="7">
   <subfield code="a">Biografie</subfield>
   <subfield code="0">(DE-588)4006804-3</subfield>
   <subfield code="0">(DE-627)104213493</subfield>
   <subfield code="0">(DE-576)208867147</subfield>
   <subfield code="2">gnd-content</subfield>
  </datafield>
  <datafield tag="689" ind1="0" ind2="0">
   <subfield code="d">p</subfield>
   <subfield code="0">(DE-588)118604155</subfield>
   <subfield code="0">(DE-627)139303588</subfield>
   <subfield code="0">(DE-576)162821859</subfield>
   <subfield code="a">Runge, Philipp Otto</subfield>
   <subfield code="d">1777-1810</subfield>
   <subfield code="2">gnd</subfield>
  </datafield>
  <datafield tag="689" ind1="0" ind2=" ">
   <subfield code="5">(DE-627)</subfield>
  </datafield>
  <datafield tag="700" ind1="1" ind2=" ">
   <subfield code="a">Runge, Philipp Otto</subfield>
   <subfield code="d">1777-1810</subfield>
   <subfield code="e">Ill.</subfield>
   <subfield code="0">(DE-588)118604155</subfield>
   <subfield code="0">(DE-627)139303588</subfield>
   <subfield code="0">(DE-576)162821859</subfield>
   <subfield code="4">ill</subfield>
  </datafield>
  <datafield tag="700" ind1="1" ind2=" ">
   <subfield code="a">Runge, Philipp Otto</subfield>
   <subfield code="d">1777-1810</subfield>
   <subfield code="0">(DE-588)118604155</subfield>
   <subfield code="0">(DE-627)139303588</subfield>
   <subfield code="0">(DE-576)162821859</subfield>
   <subfield code="4">oth</subfield>
  </datafield>
  <datafield tag="787" ind1="0" ind2="8">
   <subfield code="i">Rezensiert in</subfield>
   <subfield code="a">Schuster, Peter-Klaus, 1943 - </subfield>
   <subfield code="t">[Rezension von: Jörg Traeger, Philipp Otto Runge und sein Werk]</subfield>
   <subfield code="d">1977</subfield>
   <subfield code="w">(DE-627)1846039452</subfield>
  </datafield>
  <datafield tag="810" ind1="2" ind2=" ">
   <subfield code="a">Deutscher Verein für Kunstwissenschaft</subfield>
   <subfield code="t">Jahresgabe des Deutschen Vereins für Kunstwissenschaft</subfield>
   <subfield code="v">1976/1977</subfield>
   <subfield code="9">1976</subfield>
   <subfield code="w">(DE-627)129549312</subfield>
   <subfield code="w">(DE-576)015002144</subfield>
   <subfield code="w">(DE-600)219043-6</subfield>
   <subfield code="7">am</subfield>
  </datafield>
  <datafield tag="830" ind1=" " ind2="0">
   <subfield code="a">Studien zur Kunst des 19. Jahrhunderts</subfield>
   <subfield code="v">Sonderbd</subfield>
   <subfield code="9">33</subfield>
   <subfield code="w">(DE-627)130089753</subfield>
   <subfield code="w">(DE-576)015623416</subfield>
   <subfield code="w">(DE-600)500223-0</subfield>
   <subfield code="x">0081-7325</subfield>
   <subfield code="7">am</subfield>
  </datafield>
  <datafield tag="856" ind1="4" ind2="2">
   <subfield code="u">http://d-nb.info/760427704/04</subfield>
   <subfield code="m">V:DE-605</subfield>
   <subfield code="q">application/pdf</subfield>
   <subfield code="3">Inhaltsverzeichnis</subfield>
   <subfield code="7">1</subfield>
  </datafield>
  <datafield tag="935" ind1=" " ind2=" ">
   <subfield code="a">LBGMV</subfield>
  </datafield>
  <datafield tag="935" ind1=" " ind2=" ">
   <subfield code="i">Blocktest</subfield>
  </datafield>
  <datafield tag="936" ind1="r" ind2="v">
   <subfield code="a">LI 76850</subfield>
   <subfield code="b">Runge, Philipp Otto</subfield>
   <subfield code="k">Kunstgeschichte</subfield>
   <subfield code="k">Künstler-Monografien</subfield>
   <subfield code="k">Alphabetische Künstlerliste</subfield>
   <subfield code="k">Künstler R</subfield>
   <subfield code="k">Runge, Philipp Otto</subfield>
   <subfield code="0">(DE-627)1271139588</subfield>
   <subfield code="0">(DE-625)rvk/97001:</subfield>
   <subfield code="0">(DE-576)201139588</subfield>
  </datafield>
  <datafield tag="936" ind1="b" ind2="k">
   <subfield code="a">20.31</subfield>
   <subfield code="j">Bildende Künstler</subfield>
   <subfield code="0">(DE-627)181571080</subfield>
  </datafield>
  <datafield tag="936" ind1="b" ind2="k">
   <subfield code="a">20.70</subfield>
   <subfield code="j">Europäische Kunst: Allgemeines</subfield>
   <subfield code="0">(DE-627)106406566</subfield>
  </datafield>
  <datafield tag="936" ind1="b" ind2="k">
   <subfield code="a">21.02</subfield>
   <subfield code="j">Geschichte der Malerei</subfield>
   <subfield code="0">(DE-627)106406698</subfield>
  </datafield>
  <datafield tag="936" ind1="s" ind2="n">
   <subfield code="a">l300</subfield>
   <subfield code="2">mzub</subfield>
  </datafield>
  <datafield tag="951" ind1=" " ind2=" ">
   <subfield code="a">BO</subfield>
  </datafield>
  <datafield tag="990" ind1=" " ind2=" ">
   <subfield code="a">Runge, Philipp Otto</subfield>
  </datafield>
  <datafield tag="991" ind1=" " ind2=" ">
   <subfield code="a">Rezensiertes Werk</subfield>
  </datafield>
  <datafield tag="999" ind1=" " ind2=" ">
   <subfield code="a">KXP-PPN022292764</subfield>
   <subfield code="e">4370367328</subfield>
  </datafield>
 </record>
</collection>
